Pop Art
Сохранить в:
| Главный автор: | |
|---|---|
| Формат: | |
| Язык: | испанский |
| Опубликовано: |
Colonia
Taschen
2012
|
| Предметы: | |
| Метки: |
Добавить метку
Нет меток, Требуется 1-ая метка записи!
|
MARC
| LEADER | 00000cam a2200000 a 4500 | ||
|---|---|---|---|
| 001 | UCF6599 | ||
| 003 | CL-VaPUC | ||
| 008 | 130509e20120000GW |||||||||||||||||spa|d | ||
| 020 | |a 9783822837542 | ||
| 082 | 0 | 4 | |a 759.06 |b OST |2 21 |
| 100 | |a Osterwold, Tilman |e autor |9 568584 | ||
| 245 | 1 | 0 | |a Pop Art |
| 300 | |a 240 p | ||
| 942 | |c BK | ||
| 945 | |d 20130509 00:00:00 |a dcastane | ||
| 260 | |a Colonia |b Taschen |c 2012 | ||
| 650 | 0 | |a Arte pop |9 267708 | |
| 583 | |a last modification |c 20130509 12:56:00 |k Rodrigo Vera | ||
| 999 | |c 351741 |d 351739 | ||
| 952 | |0 0 |1 0 |4 0 |6 759_060000000000000_OST_2012 |7 0 |8 A |9 456056 |a BIBARQ |b BIBARQ |d 2019-11-22 |i 4968964 |l 1 |o 759.06 OST 2012 |p 4968964 |r 2025-01-20 |s 2024-08-01 |w 2019-11-22 |y BK |k ARQ | ||